000 00466nam a2200157Ia 4500
005 20260204050951.0
008 181105s1992 xx 000 0 und
082 _a344.01873 ARO
100 _aArora, H. C.
245 _aA handbook of disciplinary action procedure for bank officers /
_cH. C. Arora
250 _a2nd ed.
260 _aMohali :
_bLabour & Services Law Publishers,
_c1992.
300 _a155 p. ;
_c21 cm.
650 _aLabour law
942 _2ddc
_cBK
999 _c111930
_d111930